El voto de los mexicanos en el extranjero /

Compilación de documentos y estudios sobre el voto de los ciudadanos mexicanos radicados en el extranjero, escritos y/o publicados en el contexto del proceso conducente a la aprobación de la reforma histórica del 30 de junio de 2005: los cambios introducidos en la legislación electoral federal permi...

Cijeli opis

Spremljeno u:
Bibliografski detalji
Glavni autor: Alcocer V., Jorge (comp.)
Daljnji autori: Fernández de Cevallos, Diego (presentación) (presentación), Beltrones Rivera, Manlio Fabio (presentación) (presentación)
Format: Knjiga
Jezik:španjolski
Izdano: México : Nuevo Horizonte, 2005, c2005
Teme:
Oznake: Dodaj oznaku
Bez oznaka, Budi prvi tko označuje ovaj zapis!

MARC

LEADER 00000nam^a2200000^a^4500
001 000318684
005 20250521000000.0
009 20260310113419.848
020 |a 968-6981-17-9 
025 |a Donación María del Mar Enríquez Domínguez, 1 ejemplar 
037 |a Acervo ITESO - Biblioteca 
041 |a ESP 
082 |a 342. 72075  |b ALC 
100 |a Alcocer V., Jorge  |e (comp.) 
245 1 3 |a El voto de los mexicanos en el extranjero /  |c Comp. e introd. de J. Alcocer V. ; presen. de D. Fernández de Cevallos, M.F. Beltrones Rivera. 
264 4 |a México :  |b Nuevo Horizonte,  |c 2005, c2005 
300 |a 562 p. 
336 |a texto  |b txt  |2 rdacontenido 
337 |a sin mediación  |b n  |2 rdamedio 
338 |a volumen  |b nc  |2 rdasoporte 
520 |a Compilación de documentos y estudios sobre el voto de los ciudadanos mexicanos radicados en el extranjero, escritos y/o publicados en el contexto del proceso conducente a la aprobación de la reforma histórica del 30 de junio de 2005: los cambios introducidos en la legislación electoral federal permitieron a dichos ciudadanos ejercer –por primera vez en la historia- su derecho al voto –en la modalidad de voto postal- en las elecciones presidenciales del 2 de julio de 2006. Los textos aparecen distribuidos en dos bloques: el primero contiene, en orden cronológico, la iniciativa que dio lugar al proceso legislativo orientado a la reforma y los dictámenes aprobados en las cámaras de Diputados y Senadores, en tanto la segunda parte es una selección de artículos representativos del tema aparecidos en el debate de opiniones ocurrido entre noviembre de 2004 y junio de 2005 y comprende también los ensayos, publicados en libros previos, de dos especialistas de El Colegio de la Frontera Norte. 
649 |a XX 
650 |a Migrantes Mexicanos -  |x Condiciones Jurídicas 
650 |a Voto en Ausencia -  |z México -  |x Aspectos Jurídicos -  |x Tema Principal 
650 |a Elecciones -  |z México 
650 |a Derecho Electoral -  |z México 
650 |a Derecho Político -  |z México 
650 |a Derecho Constitucional -  |z México 
650 |a Derecho Público -  |z México 
700 |a Fernández de Cevallos, Diego  |e (presentación) 
700 |a Beltrones Rivera, Manlio Fabio  |e (presentación) 
910 |a Fondo General 
920 |a Impresos - Libros 
930 |a Colección General 
905 |a 101 
901 |a 0500205606  |b IT1  |c ACC  |i D  |u 20250521 
902 |a https://opac.biblio.iteso.mx/vufind/Record/000318684